| 000 | 00474nam a2200193Ia 4500 | ||
|---|---|---|---|
| 999 |
_c29581 _d29581 |
||
| 003 | 0100 | ||
| 005 | 20170530091027.0 | ||
| 008 | 130303s9999 xx 000 0 und d | ||
| 040 | _cARRUPELIB | ||
| 050 | _aDT443.K37 1975 | ||
| 100 |
_aKatoke, Israel K _931637 |
||
| 245 | 4 | _aThe Karagwe kingdom | |
| 245 | _ba history of the Abanyambo of Northern western Tanzania | ||
| 260 |
_bEast African Pub. House _aNairobi _c1975 |
||
| 300 | _a182p. | ||
| 300 | _b 22cm. | ||
| 650 |
_aKaragwe, Tanzania (District) _xHistory _931638 |
||
| 942 | 0 | 0 |
_01 _2lcc _cMONOGRAPH |